STEAM TRAPS ,A SELECTION GUIDE (Record no. 584567)

000 -LEADER
fixed length control field 00241nam a22001097a 4500
082 ## - DEWEY DECIMAL CLASSIFICATION NUMBER
Classification number 530 STE'E
100 ## - MAIN ENTRY--PERSONAL NAME
Personal name ENERCON
9 (RLIN) 79538
245 ## - TITLE STATEMENT
Title STEAM TRAPS ,A SELECTION GUIDE
260 ## - PUBLICATION, DISTRIBUTION, ETC.
Place of publication, distribution, etc. ISLAMABAD
Name of publisher, distributor, etc. ENERCON
Date of publication, distribution, etc. 1989
300 ## - PHYSICAL DESCRIPTION
Extent 35P
942 ## - ADDED ENTRY ELEMENTS (KOHA)
Koha item type Book
Holdings
Withdrawn status Lost status Damaged status Not for loan Permanent Location Current Location Shelving location Date acquired Total Checkouts Full call number Barcode Date last seen Price effective from Koha item type
        College of Electrical & Mechanical Engineering (CEME) College of Electrical & Mechanical Engineering (CEME) General Stacks 07/04/2017   530 STE'E CEME-23327 06/28/2021 06/28/2021 Book
© 2023 Central Library, National University of Sciences and Technology. All Rights Reserved.